000 00228nam a2200109Ia 4500
100 _aSlides
942 _cBK
654 _abolts
245 _aSlide Chart F2:Bolts and screws
260 _bSlide o chart
_aPune
546 _aENGLISH
999 _c23079
_d23079